| 000 | 00716nam a2200229Ia 4500 | ||
|---|---|---|---|
| 001 | 3403 | ||
| 003 | GE_BSU | ||
| 008 | 181216s||||||||xx |||||||||||||| ||und|| | ||
| 020 | _a5724500450 | ||
| 040 | _cGE_BSU | ||
| 080 | _a542.3/.9(035.3) | ||
| 100 | _aПравдин,П.В. | ||
| 245 | _aЛабораторные приборы и оборудование из стекла и фарфора. | ||
| 245 | _bСправ. изд. | ||
| 245 | _cРед. В.Л.Абрамова. | ||
| 260 | _aМ. | ||
| 260 | _bХимия. | ||
| 260 | _c1988. | ||
| 300 | _a336 стр. 19 см. | ||
| 653 | _aЛабораторные приборы и оборудование из стекла и фарфора. | ||
| 942 | _cBK | ||
| 999 |
_c37444 _d37444 |
||